ბათუმის შოთა რუსთაველის სახელმწიფო უნივერსიტეტის ბიბლიოთეკა

კაზუსები ანტიდისკრიმინაციულ სამართალში / (ბიბ.ჩანაწერი № 58167)

000 -ლიდერი
ფიქსირებული სიგრძის საკონტროლო ველი 01857nam a22002657a 4500
003 - საკონტროლო ნომრის იდენტიფიკატორი
საკონტროლო ველი Ge_BSU
005 - ბოლო ოპერაციის თარიღი და დრო
საკონტროლო ველი 20210719141914.0
008 - ფიქსირებული სიგრძის მონაცემთა ელემენტები - ზოგადი ინფორმაცია
ფიქსირებული სიგრძის საკონტროლო ველი 210719s2021 ge ||||| |||| 00| 0 geo d
020 ## - წიგნის საერთაშორისო სტანდარტული ნომერი
International Standard Book Number 9789941834165
041 ## - ენის კოდი
Language code of text/sound track or separate title geo
080 ## - უნივერსალური ათობითი კლასიფიკაციის ინდექსი
Universal Decimal Classification number 342.726(096) კ-15
245 ## - ცნობა სათაურის შესახებ
Title კაზუსები ანტიდისკრიმინაციულ სამართალში /
Statement of responsibility, etc დიმიტრი გეგენავას რედაქტორიბით; ავტორები: თამარ ონიანი, გვანცა ლაშხია, სოფიო დემეტრაშვილი, მარიამ ჯიქია; სულხან-საბა ორბელიანის უნივერსიტეტი.
264 ## - წარმოების, გამოცემის, დისტრიბუციის და სხვა ცნობები
გამოცემის, წარმოების, დისტრიბუციის... ადგილი თბილისი:
გამოცემის, წარმოების, დისტრიბუციის... სახელწოდება სულხან-საბა ორბელიანის უნივერსიტეტის გამომცელობა,
გამოცემის, წარმოების, დისტრიბუციის... თარიღი 2021.
300 ## - ფიზიკური აღწერა
Extent 175 გვ.
Other physical details 20 სმ.
500 ## - ზოგადი შენიშვნა
General note წიგნი გამოიცემა USAID/PROLoG - ის მიერ დაფინანსებული ადამიანის უფლებების პროექტის ფარგლებში.
653 ## - INDEX TERM--UNCONTROLLED
Uncontrolled term სამართალი
653 ## - INDEX TERM--UNCONTROLLED
Uncontrolled term კაზუსები
700 ## - ADDED ENTRY--PERSONAL NAME
Personal name გეგენავა, დიმიტრი
Relator term რედაქტორი
9 (RLIN) 12281
700 ## - ADDED ENTRY--PERSONAL NAME
Personal name ონიანი, თამარ
Relator term ავტორი
9 (RLIN) 10678
700 ## - ADDED ENTRY--PERSONAL NAME
Personal name ლაშხია, გვანცა
Relator term ავტორი
9 (RLIN) 12282
700 ## - ADDED ENTRY--PERSONAL NAME
Personal name დემეტრაშვილი, სოფიო
9 (RLIN) 9270
700 ## - ADDED ENTRY--PERSONAL NAME
Personal name ჯიქია, მარიამ
9 (RLIN) 11926
710 ## - ADDED ENTRY--CORPORATE NAME
Corporate name or jurisdiction name as entry element სულხან-საბა ორბელიანის უნივერსიტეტი
9 (RLIN) 12283
942 ## - ADDED ENTRY ELEMENTS (KOHA)
Source of classification or shelving scheme
Koha item type წიგნი
ეგზემპლარები
ჩამოწერის სტატუსი დაკარგული ეგზემპლარის სტატუსი კლასიფიკაციის წყარო ან თაროზე გაწყობის სქემა დაზიანების სტატუსი არ გაიცემა მუდმივი მდებარეობა (დაცვის ადგილი) ამჟამინდელი ადგილსამყოფელი თაროზე განთავსების ადგილი შეძენის თარიღი ღირებულება, შესყიდვის ნორმალური ფასი სრული შენახვის შიფრი შტრიხკოდი ბოლო ოპერაციის თარიღი ეგზემპლარის მიმდევრობითი ნომერი (კეტერი?) ფასის ძალაში შესვლის თარიღი ეგზემპლარის სახეობა საჯარო შენიშვნა
          ბათუმის შოთა რუსთაველის სახელმწიფო უნივერსიტეტის მთავარი ბიბლიოთეკა ბათუმის შოთა რუსთაველის სახელმწიფო უნივერსიტეტის მთავარი ბიბლიოთეკა წიგნსაცავი 2021-07-19 5.00 342.726(096) კ-15 61476 2021-07-19 61476 2021-07-19 წიგნი 5 ლ.
          ბათუმის შოთა რუსთაველის სახელმწიფო უნივერსიტეტის მთავარი ბიბლიოთეკა ბათუმის შოთა რუსთაველის სახელმწიფო უნივერსიტეტის მთავარი ბიბლიოთეკა წიგნსაცავი 2021-07-19 5.00 342.726(096) კ-15 61477 2021-07-19 61477 2021-07-19 წიგნი 5 ლ.
          ბათუმის შოთა რუსთაველის სახელმწიფო უნივერსიტეტის მთავარი ბიბლიოთეკა ბათუმის შოთა რუსთაველის სახელმწიფო უნივერსიტეტის მთავარი ბიბლიოთეკა წიგნსაცავი 2021-10-11 5.00 342.726(096) კ-15 61818 2021-10-11 61818 2021-10-11 წიგნი 5.00
          ბათუმის შოთა რუსთაველის სახელმწიფო უნივერსიტეტის მთავარი ბიბლიოთეკა ბათუმის შოთა რუსთაველის სახელმწიფო უნივერსიტეტის მთავარი ბიბლიოთეკა წიგნსაცავი 2021-12-17 5.00 342.726(096) კ-15 62067 2021-12-17 62067 2021-12-17 წიგნი 5 ლ.